000 00654nam a2200229Ia 4500
003 OSt
005 20220926044743.0
006 a|||||r|||| 00| 0
007 ta
008 220923b |||||||| |||| 00| 0 eng d
037 _cGeneral Book
040 _aRTL
_cRTL
_beng
041 _2eng
_aeng
082 _aX755.2.N6, K6
110 _aNational Council of Applied Economic Research (New Delhi)
245 0 _aDevelopment without aid
260 _c1966
490 _aIts Occasional Paper, 15
700 _aNational Council of Applied Economic Research (New Delhi)
942 _hX755.2.N6, K6
_cGB
_2CC
999 _c675707
_d675707